000 00528nam a2200181Ia 4500
008 240925s9999 xx 000 0 und d
020 _a70316228
082 _a004.35 HWA
100 _aHwang, Kai
245 0 _aAdvanced Computer Architecture: Parallelism, Scalability, Programmability
250 _aNA
260 _aNew York:
_bMcGraw-Hill
_c,1993.
300 _axxxiii,892p.
_bNA
_fPirated
500 _aIncludes Index
600 _aComputer Science
650 _aComputer science, information & general works
942 _cBK
999 _c4195
_d4195